000 00326nam a2200133Ia 4500
005 20251222144748.0
008 251222s9999||||xx |||||||||||||| ||spa||
020 _a97895681888
082 _a242.74/S25
245 0 _aOremos Con María
250 _a1ra. ed.
264 _bSantuario de la Inmaculada Concepción
942 _cLIB
999 _c19229
_d19229